[Event "XLI Olimpiadi (San Marino)"]
[Site "Tromso NOR"]
[Date "2014.08.12"]
[Round "10.3"]
[White "Maccapani, Massimiliano"]
[Black "Mlawa, Hemed"]
[WhiteElo "2032"]
[BlackElo "1799"]
[Result "1/2-1/2"]
[Annotator "SMR-TAN"]
[PlyCount "69"]
[EventDate "2014.08.02"]

1. d4 Nf6 2. c4 e6 3. Nf3 b6 4. g3 Bb7 5. Bg2 Be7 6. Nc3 O-O 7. O-O Ne4 8. Qc2
Nxc3 9. Qxc3 d6 10. b3 Nd7 11. Bb2 f5 12. Qe3 Rf6 13. Rad1 Qe8 14. Bc1 Nf8 15.
Qc3 Rc8 16. Rfe1 Ng6 17. Bg5 Rf8 18. Bxe7 Qxe7 19. Nh4 Bxg2 20. Nxg2 f4 21. Rd3
Rf6 22. Rf3 Rcf8 23. Qd3 Qf7 24. Nxf4 Nxf4 25. Rxf4 Rxf4 26. gxf4 Qxf4 27. Qe3
Qf5 28. f3 Rf6 29. Kh1 Qa5 30. Ra1 Rh6 31. a4 Qh5 32. Qf2 Qf5 33. Rc1 Rf6 34.
Qe3 Qf4 35. Qxf4 1/2-1/2

[Event "XLI Olimpiadi (San Marino)"]
[Site "Tromso NOR"]
[Date "2014.08.12"]
[Round "10.4"]
[White "Mwaisumbe, Emmanuel"]
[Black "Grassi, Enrico"]
[WhiteElo "1685"]
[BlackElo "2020"]
[Result "0-1"]
[Annotator "SMR-TAN"]
[PlyCount "110"]
[EventDate "2014.08.02"]

1. e4 d5 2. exd5 Qxd5 3. Nc3 Qa5 4. d4 c6 5. Bd2 Bf5 6. Nf3 e6 7. Ne5 Qd8 8.
Bf4 Bb4 9. Bc4 Nf6 10. O-O Nbd7 11. Ne2 Nb6 12. Bb3 O-O 13. Ng3 Bg6 14. Nxg6
hxg6 15. Bg5 Qc7 16. Qf3 Be7 17. Rfe1 Rad8 18. Rad1 c5 19. Bf4 Qc8 20. dxc5
Bxc5 21. Bg5 Rxd1 22. Rxd1 Nbd7 23. Ne4 Ne5 24. Nxf6+ gxf6 25. Qg3 Be7 26. Bf4
Rd8 27. Rxd8+ Qxd8 28. c3 Nd3 29. h4 Nxf4 30. Qxf4 Kg7 31. Bc2 f5 32. g3 Bf6
33. Kf1 Qd5 34. Bb3 Qd3+ 35. Kg2 Qd7 36. Qe3 b6 37. Qe2 f4 38. Bc2 fxg3 39.
fxg3 Qd5+ 40. Qe4 Qc5 41. h5 Qxh5 42. a4 Qg5 43. Kf3 Qc1 44. b3 Bxc3 45. Qd3
Qh1+ 46. Ke3 Qg1+ 47. Kf3 Be5 48. g4 Qg3+ 49. Ke2 Qxg4+ 50. Kd2 Qg5+ 51. Ke2
Qg2+ 52. Ke1 Bg3+ 53. Kd1 Qg1+ 54. Ke2 Qf2+ 55. Kd1 Qe1# 0-1

[Event "XLI Olimpiadi (San Marino)"]
[Site "Tromso NOR"]
[Date "2014.08.14"]
[Round "11.1"]
[White "Li, Hui"]
[Black "Righi, Ezio"]
[WhiteElo "1944"]
[BlackElo "2085"]
[Result "1/2-1/2"]
[Annotator "SMR-MAC"]
[PlyCount "107"]
[EventDate "2014.08.02"]

1. e4 c5 2. Nf3 e6 3. d4 cxd4 4. Nxd4 a6 5. Bd3 Bc5 6. Nb3 Ba7 7. Qe2 Nc6 8.
Be3 Bxe3 9. Qxe3 Nf6 10. Nc3 d6 11. O-O-O Qc7 12. f4 Bd7 13. Kb1 O-O-O 14. Na4
Kb8 15. Nb6 Bc8 16. Nxc8 Rxc8 17. c3 h6 18. Be2 Rhd8 19. Nd4 Nxd4 20. Rxd4 d5
21. e5 Nd7 22. Rdd1 Qb6 23. Qd4 Qxd4 24. cxd4 Nb6 25. b3 Rc3 26. Rd3 Rdc8 27.
Rxc3 Rxc3 28. Kb2 Re3 29. Bf3 Rd3 30. Rd1 Rxd1 31. Bxd1 Kc7 32. Kc3 Nc8 33. Bh5
g6 34. Be2 h5 35. Bd3 Ne7 36. g3 Kb6 37. Bc2 Kc7 38. Bd3 Kb6 39. Bb1 Kc7 40.
Bc2 b6 41. Bd3 Kb7 42. Kd2 Nc6 43. Ke3 b5 44. h3 Kb6 45. g4 hxg4 46. hxg4 a5
47. a4 bxa4 48. bxa4 Na7 49. f5 g5 50. f6 Nc6 51. Bb5 Nd8 52. Be8 Kc7 53. Kd3
Kb6 54. Ke3 1/2-1/2

[Event "XLI Olimpiadi (San Marino)"]
[Site "Tromso NOR"]
[Date "2014.08.14"]
[Round "11.2"]
[White "Volpinari, Danilo"]
[Black "Ho Hou-Meng, Herman"]
[WhiteElo "2001"]
[BlackElo "1910"]
[Result "1-0"]
[Annotator "SMR-MAC"]
[PlyCount "60"]
[EventDate "2014.08.02"]

1. d4 e6 2. Nf3 d5 3. e3 Bd6 4. c4 c6 5. b3 f5 6. Bd3 Nf6 7. h3 Ne4 8. g4 Nd7
9. Qc2 Ndf6 10. Bb2 Bd7 11. Nc3 Qe7 12. Rg1 Nxc3 13. Bxc3 Ne4 14. O-O-O O-O-O
15. gxf5 Nxc3 16. Qxc3 dxc4 17. fxe6 cxd3 18. exd7+ Qxd7 19. Qxd3 Qxh3 20. Ng5
Qd7 21. Nxh7 Kb8 22. Kb1 Rde8 23. Qg6 Qe7 24. Rg4 Ba3 25. Ng5 Qb4 26. Qd3 Rh2
27. Ne4 Rxe4 28. Rxe4 Rxf2 29. d5 Rb2+ 30. Ka1 Rh2 1-0

[Event "XLI Olimpiadi (San Marino)"]
[Site "Tromso NOR"]
[Date "2014.08.14"]
[Round "11.3"]
[White "Punongbayan, Hexilon Dela Cruz"]
[Black "Maccapani, Massimiliano"]
[WhiteElo "2074"]
[BlackElo "2032"]
[Result "1-0"]
[Annotator "SMR-MAC"]
[PlyCount "55"]
[EventDate "2014.08.02"]

1. Nf3 d5 2. b3 Bf5 3. Bb2 e6 4. g3 Nf6 5. Bg2 h6 6. O-O Be7 7. d3 O-O 8. Nbd2
c6 9. Qe1 Bh7 10. e4 Nbd7 11. Ne5 Nxe5 12. Bxe5 Nd7 13. Bb2 Re8 14. Kh1 Kh8 15.
f4 f5 16. e5 g5 17. c4 a5 18. Nf3 g4 19. Nd4 Bc5 20. cxd5 Bxd4 21. Bxd4 cxd5
22. Qe3 Kg8 23. Rfc1 Nb8 24. Bb6 Qd7 25. Rc7 Qb5 26. Rxb7 Na6 27. Rc1 a4 28. d4
1-0

[Event "XLI Olimpiadi (San Marino)"]
[Site "Tromso NOR"]
[Date "2014.08.14"]
[Round "11.4"]
[White "Grassi, Enrico"]
[Black "Fesalbon, Rolando"]
[WhiteElo "2020"]
[BlackElo "2051"]
[Result "1-0"]
[Annotator "SMR-MAC"]
[PlyCount "117"]
[EventDate "2014.08.02"]

1. e4 d5 2. exd5 Qxd5 3. Nc3 Qa5 4. d4 c6 5. Bc4 Nf6 6. Bd2 Qd8 7. Nf3 Bg4 8.
Bxf7+ Kxf7 9. Ne5+ Ke8 10. Nxg4 Qxd4 11. Nxf6+ Qxf6 12. Qg4 Nd7 13. O-O-O Ne5
14. Qe2 Nf7 15. Rhe1 Rd8 16. Kb1 Nd6 17. Be3 a5 18. Qh5+ Qg6 19. Qxa5 Qxg2 20.
Bc5 Qxh2 21. Bxd6 Rxd6 22. Qa8+ Kf7 23. Rxd6 Qxd6 24. Qxb7 g6 25. Qb3+ e6 26.
Ne4 Qd5 27. Qf3+ Qf5 28. Qc3 Rg8 29. Qxc6 Be7 30. b4 Rd8 31. a3 Rd5 32. Ng3 Qg4
33. f3 Qh3 34. Ne4 Qf5 35. Re3 Rd1+ 36. Kb2 Qe5+ 37. Qc3 Qxc3+ 38. Nxc3 Rd6 39.
Kb3 h5 40. b5 h4 41. Ne4 Rd5 42. c4 Rd1 43. f4 e5 44. fxe5 Ke6 45. c5 Rb1+ 46.
Kc4 g5 47. Nc3 Rc1 48. b6 Kd7 49. Kb5 Rc2 50. c6+ Kc8 51. Nd5 Rc5+ 52. Ka6 Rxd5
53. Rf3 Rxe5 54. Rf7 h3 55. Rh7 g4 56. Rh8+ Bd8 57. c7 Rd5 58. cxd8=Q+ Rxd8 59.
b7+ 1-0

[Event "XLI Olimpiadi femminile"]
[Site "Tromso NOR"]
[Date "2014.08.02"]
[Round "1.1"]
[White "Matoussi, Amina"]
[Black "Zimina, Olga"]
[WhiteElo "1747"]
[BlackElo "2327"]
[Result "0-1"]
[Annotator "ITA-TUN"]
[PlyCount "42"]
[EventDate "2014.08.02"]

1. Nf3 d5 2. g3 Bg4 3. Bg2 Nd7 4. h3 Bh5 5. g4 Bg6 6. Nh4 Be4 7. f3 e6 8. fxe4
Qxh4+ 9. Kf1 Qf6+ 10. Kg1 dxe4 11. Nc3 Nc5 12. e3 Qe5 13. Qf1 O-O-O 14. Qc4 f5
15. b4 Na4 16. b5 Nxc3 17. dxc3 Nf6 18. gxf5 exf5 19. a4 Bc5 20. a5 Qg3 21. Qe2
f4 0-1

[Event "XLI Olimpiadi femminile"]
[Site "Tromso NOR"]
[Date "2014.08.02"]
[Round "1.2"]
[White "Brunello, Marina"]
[Black "Matoussi, Amani"]
[WhiteElo "2281"]
[BlackElo "1627"]
[Result "1-0"]
[Annotator "ITA-TUN"]
[PlyCount "31"]
[EventDate "2014.08.02"]

1. e4 e5 2. Nf3 Nf6 3. Nc3 Nc6 4. d4 exd4 5. Nxd4 Bb4 6. Nxc6 Bxc3+ 7. bxc3
bxc6 8. Bd3 O-O 9. O-O Qe7 10. Qf3 Qc5 11. c4 d6 12. Qg3 Be6 13. Be3 Qh5 14. f4
Ng4 15. Be2 f5 16. h3 1-0

[Event "XLI Olimpiadi femminile"]
[Site "Tromso NOR"]
[Date "2014.08.02"]
[Round "1.3"]
[White "Krifa, Najla"]
[Black "Gueci, Tea"]
[WhiteElo "1759"]
[BlackElo "2074"]
[Result "1-0"]
[Annotator "ITA-TUN"]
[PlyCount "65"]
[EventDate "2014.08.02"]

1. e4 g6 2. Nc3 Bg7 3. g3 d6 4. Bg2 c5 5. Nf3 Nc6 6. O-O Nf6 7. d3 O-O 8. Be3
Bg4 9. h3 Bxf3 10. Qxf3 Rc8 11. Qd1 Qa5 12. Ne2 Nd7 13. c3 b5 14. Qd2 Nb6 15.
Bh6 b4 16. Bxg7 Kxg7 17. f4 Rcd8 18. g4 d5 19. e5 bxc3 20. bxc3 Nd4 21. Rac1
Na4 22. Ng3 Nb5 23. f5 Naxc3 24. f6+ exf6 25. exf6+ Kh8 26. Qh6 Rg8 27. Rce1
Nd6 28. Re5 Rde8 29. Rxe8 Nxe8 30. g5 Qc7 31. Qh4 Qd6 32. Rf4 Nc7 33. Qxh7+ 1-0

[Event "XLI Olimpiadi femminile"]
[Site "Tromso NOR"]
[Date "2014.08.02"]
[Round "1.4"]
[White "Messina, Roberta"]
[Black "Ben Said, Safa"]
[WhiteElo "2042"]
[BlackElo "1589"]
[Result "1-0"]
[Annotator "ITA-TUN"]
[PlyCount "51"]
[EventDate "2014.08.02"]

1. Nf3 d5 2. c4 Nf6 3. g3 Nc6 4. cxd5 Nxd5 5. Nc3 e5 6. d3 Bb4 7. Bd2 Qd6 8.
Bg2 f6 9. Nxd5 Qxd5 10. Bxb4 Nxb4 11. Qa4+ Nc6 12. O-O Bd7 13. Nd2 Nd4 14. Qd1
Qb5 15. e3 Nf5 16. Nb3 Bc6 17. Bxc6+ Qxc6 18. Rc1 Qd7 19. Nc5 Qf7 20. Qf3 Nd6
21. Nxb7 O-O 22. b3 Rac8 23. Na5 Qg6 24. Nc6 Kf7 25. Qd5+ Ke8 26. Qe6# 1-0

[Event "XLI Olimpiadi femminile"]
[Site "Tromso NOR"]
[Date "2014.08.03"]
[Round "2.1"]
[White "Zimina, Olga"]
[Black "Narva, Mai"]
[WhiteElo "2327"]
[BlackElo "2205"]
[Result "1-0"]
[Annotator "ITA-EST"]
[PlyCount "71"]
[EventDate "2014.08.02"]

1. Nf3 d5 2. c4 e6 3. g3 Nf6 4. Bg2 dxc4 5. Qa4+ Nbd7 6. Qxc4 c5 7. a4 b6 8.
O-O Bb7 9. d3 Be7 10. Na3 O-O 11. Qb3 Bd5 12. Nc4 Qc7 13. e4 Bc6 14. Bf4 Qb7
15. Nfd2 Rfd8 16. a5 Ne8 17. Nb1 b5 18. a6 Qc8 19. Na5 e5 20. Be3 Ndf6 21. Nc3
Rb8 22. Nd5 Bf8 23. f4 Ng4 24. Bh3 Bxd5 25. exd5 c4 26. dxc4 bxc4 27. Bxg4 Qxg4
28. Qxc4 Nd6 29. Qc2 Nf5 30. Bxa7 Ra8 31. Bb6 Rxd5 32. Nc6 Nd4 33. Nxd4 exd4
34. Qc6 Rd6 35. Qxa8 Rxb6 36. a7 1-0

[Event "XLI Olimpiadi femminile"]
[Site "Tromso NOR"]
[Date "2014.08.03"]
[Round "2.2"]
[White "Tsiganova, Monika"]
[Black "Brunello, Marina"]
[WhiteElo "2094"]
[BlackElo "2281"]
[Result "0-1"]
[Annotator "ITA-EST"]
[PlyCount "62"]
[EventDate "2014.08.02"]

1. e4 c5 2. Nf3 d6 3. d4 cxd4 4. Nxd4 Nf6 5. Nc3 a6 6. a4 e5 7. Nf3 h6 8. Bc4
Be7 9. O-O O-O 10. Be3 Nc6 11. Nh4 Kh7 12. Nf5 Be6 13. Nd5 Nxd5 14. Bxd5 Re8
15. Bxe6 fxe6 16. Nxg7 Kxg7 17. Qg4+ Kh7 18. Bxh6 Rg8 19. Qh3 Rg6 20. Bd2+ Kg7
21. Bc3 Qh8 22. Qe3 Qh4 23. h3 Rh8 24. Kh2 Qg4 25. Rg1 Bg5 26. Qd3 Bf4+ 27. Kh1
Kf7 28. Be1 Nd4 29. Ra3 Ne2 30. Rb3 Nxg1 31. Rxb7+ Kf6 0-1

[Event "XLI Olimpiadi femminile"]
[Site "Tromso NOR"]
[Date "2014.08.03"]
[Round "2.3"]
[White "Sedina, Elena"]
[Black "Narva, Triin"]
[WhiteElo "2291"]
[BlackElo "2068"]
[Result "1-0"]
[Annotator "ITA-EST"]
[PlyCount "63"]
[EventDate "2014.08.02"]

1. e4 c5 2. Nf3 d6 3. Bb5+ Bd7 4. c4 Nf6 5. Nc3 Nc6 6. O-O g6 7. d4 cxd4 8.
Nxd4 Bg7 9. Nxc6 bxc6 10. Ba4 Qb6 11. Qe2 Ng4 12. h3 Ne5 13. Be3 Qb4 14. c5
dxc5 15. a3 Qc4 16. Qc2 Rb8 17. Rad1 g5 18. Bxg5 Ng6 19. Be3 Rg8 20. Qd2 Nf8
21. Bf4 Rb6 22. e5 f5 23. Rfe1 Be6 24. b3 Qa6 25. Nd5 Bxd5 26. Qxd5 e6 27. Qxc5
Kf7 28. Rd6 Bh8 29. Red1 Qe2 30. Bxc6 Rxb3 31. Rd8 Qb2 32. Be8+ 1-0

[Event "XLI Olimpiadi femminile"]
[Site "Tromso NOR"]
[Date "2014.08.03"]
[Round "2.4"]
[White "Fomina, Tatyana V."]
[Black "Messina, Roberta"]
[WhiteElo "2216"]
[BlackElo "2042"]
[Result "1-0"]
[Annotator "ITA-EST"]
[PlyCount "103"]
[EventDate "2014.08.02"]

1. e4 c5 2. Nf3 d6 3. Bc4 Nf6 4. c3 Nc6 5. Qe2 Bg4 6. d3 e6 7. Nbd2 Be7 8. h3
Bh5 9. Nf1 d5 10. Bb5 Qb6 11. Bxc6+ Qxc6 12. Ng3 dxe4 13. dxe4 Bg6 14. Ne5 Qa4
15. b3 Qa5 16. Bd2 Qc7 17. f4 Nd7 18. Nf3 h5 19. O-O h4 20. Nh1 Bh5 21. Qe1
O-O-O 22. c4 e5 23. Nxe5 Nxe5 24. fxe5 Qxe5 25. Bf4 Qd4+ 26. Nf2 g5 27. Bh2 Bd6
28. Rc1 Rhe8 29. Bxd6 Rxd6 30. Rc3 Be2 31. Qxe2 Qxc3 32. Qg4+ Kb8 33. Qxg5 Qe5
34. Qxh4 Rh8 35. Qg4 Rg6 36. Qf3 Rg3 37. Qf5 Qxf5 38. exf5 Re8 39. Ng4 Re2 40.
Rf2 Re1+ 41. Kh2 Rc3 42. Nh6 Re7 43. f6 Rd7 44. Ng4 a5 45. Ne5 Rc7 46. Re2 b5
47. cxb5 Kb7 48. h4 Kb6 49. h5 Kxb5 50. h6 Rc1 51. h7 Rc8 52. Nxf7 1-0

[Event "XLI Olimpiadi femminile"]
[Site "Tromso NOR"]
[Date "2014.08.04"]
[Round "3.1"]
[White "Dzagnidze, Nana"]
[Black "Zimina, Olga"]
[WhiteElo "2550"]
[BlackElo "2327"]
[Result "1-0"]
[Annotator "ITA-GEO"]
[PlyCount "59"]
[EventDate "2014.08.02"]

1. d4 d5 2. c4 c6 3. Nf3 Nf6 4. e3 e6 5. Bd3 dxc4 6. Bxc4 Nbd7 7. O-O Bd6 8.
Nc3 O-O 9. e4 e5 10. Be3 Qe7 11. Bb3 exd4 12. Bxd4 Ne5 13. Nxe5 Bxe5 14. Bxe5
Qxe5 15. f4 Qe7 16. e5 Ng4 17. Qf3 Nh6 18. Rae1 Nf5 19. Qf2 b6 20. g4 Nh6 21.
f5 Qg5 22. Qf4 Qxg4+ 23. Qxg4 Nxg4 24. e6 Nf6 25. exf7+ Kh8 26. Ne4 Nd5 27. Nd6
Ba6 28. Bxd5 Bxf1 29. Bxc6 Rad8 30. Re8 1-0

[Event "XLI Olimpiadi femminile"]
[Site "Tromso NOR"]
[Date "2014.08.04"]
[Round "3.2"]
[White "Brunello, Marina"]
[Black "Khotenashvili, Bela"]
[WhiteElo "2281"]
[BlackElo "2494"]
[Result "0-1"]
[Annotator "ITA-GEO"]
[PlyCount "72"]
[EventDate "2014.08.02"]

1. e4 c6 2. d4 d5 3. e5 Bf5 4. Nf3 e6 5. Be2 Nd7 6. O-O h6 7. Nbd2 Ne7 8. Nb3
g5 9. Be3 Ng6 10. Qd2 Be7 11. a4 g4 12. Ne1 f6 13. exf6 Nxf6 14. Nd3 Bd6 15. f4
gxf3 16. Bxf3 Qc7 17. g3 O-O-O 18. Bg2 Rdg8 19. Nf4 Ng4 20. Nxg6 Nxe3 21. Nxh8
Nxf1 22. Rxf1 Rxh8 23. Nc5 h5 24. Re1 Bxc5 25. dxc5 Qg7 26. c3 h4 27. Qf4 hxg3
28. hxg3 Rg8 29. Re3 a5 30. Bf1 Rf8 31. Qd4 Qh6 32. Bg2 Rg8 33. b3 Rh8 34. Qe5
Be4 35. Kf2 Bxg2 36. Kxg2 Qh1+ 0-1

[Event "XLI Olimpiadi femminile"]
[Site "Tromso NOR"]
[Date "2014.08.04"]
[Round "3.3"]
[White "Melia, Salome"]
[Black "Sedina, Elena"]
[WhiteElo "2475"]
[BlackElo "2291"]
[Result "1-0"]
[Annotator "ITA-GEO"]
[PlyCount "56"]
[EventDate "2014.08.02"]

1. e4 e6 2. d4 d5 3. Nc3 Bb4 4. exd5 exd5 5. Bd3 Nc6 6. a3 Bxc3+ 7. bxc3 Nge7
8. Qf3 Be6 9. Ne2 Qd7 10. O-O O-O 11. Ng3 Bg4 12. Qf4 Ng6 13. Qg5 f6 14. Qd2
Nh4 15. f3 Be6 16. Rb1 b6 17. Qf2 Ne7 18. Nh5 Neg6 19. Re1 Bf5 20. Bb5 c6 21.
Bf1 b5 22. a4 a6 23. a5 Be6 24. Re2 Rae8 25. Ba3 Rf7 26. Rbe1 Qc8 27. g3 Nf5
28. Bh3 Rfe7 1-0

[Event "XLI Olimpiadi femminile"]
[Site "Tromso NOR"]
[Date "2014.08.04"]
[Round "3.4"]
[White "Gueci, Tea"]
[Black "Batsiashvili, Nino"]
[WhiteElo "2074"]
[BlackElo "2435"]
[Result "1/2-1/2"]
[Annotator "ITA-GEO"]
[PlyCount "108"]
[EventDate "2014.08.02"]

1. e4 c6 2. d4 d5 3. exd5 cxd5 4. c4 Nf6 5. Nc3 Nc6 6. Nf3 Be6 7. c5 g6 8. Bb5
Bg7 9. Ne5 Bd7 10. Bxc6 bxc6 11. O-O O-O 12. Re1 Re8 13. f4 Qc7 14. a3 Bf5 15.
b4 Ne4 16. Nxe4 Bxe4 17. Qg4 e6 18. Bb2 f6 19. Nf3 Bh6 20. Bc1 Qb7 21. Nd2 a5
22. Nxe4 dxe4 23. Rb1 f5 24. Qe2 axb4 25. axb4 Bg7 26. Be3 Reb8 27. Qc4 Qd7 28.
Ra1 Qd5 29. Qxd5 exd5 30. Ra5 Rxa5 31. bxa5 Rb3 32. Kf2 Ra3 33. Rb1 g5 34. g3
Rxa5 35. fxg5 Ra4 36. Rb8+ Kf7 37. Rb7+ Kg6 38. Rc7 Bxd4 39. Rxc6+ Kf7 40. Bxd4
Rxd4 41. Rf6+ Ke7 42. Rxf5 Ke6 43. Rf8 Rc4 44. Rh8 d4 45. Rxh7 Rc2+ 46. Ke1 e3
47. Rh8 Rxc5 48. Rd8 Rc1+ 49. Ke2 Rc2+ 50. Ke1 Ke5 51. g6 Rc7 52. Ke2 Rc2+ 53.
Ke1 Rc7 54. Ke2 Rc2+ 1/2-1/2

[Event "XLI Olimpiadi femminile"]
[Site "Tromso NOR"]
[Date "2014.08.05"]
[Round "4.1"]
[White "Garcia Morales, Ivette Ale"]
[Black "Zimina, Olga"]
[WhiteElo "2113"]
[BlackElo "2327"]
[Result "1/2-1/2"]
[Annotator "ITA-MEX"]
[PlyCount "73"]
[EventDate "2014.08.02"]

1. d4 d5 2. Bg5 c5 3. e3 Qb6 4. Nc3 e6 5. Qd2 Bd7 6. Nf3 h6 7. Bh4 Ne7 8. dxc5
Qxc5 9. e4 Nbc6 10. O-O-O O-O-O 11. Bg3 f6 12. exd5 Nxd5 13. Nxd5 Qxd5 14. Qxd5
exd5 15. a3 Bg4 16. Be2 Bc5 17. h3 Bh5 18. Rd2 Bd6 19. Bxd6 Rxd6 20. Rhd1 Rhd8
21. Nd4 Nxd4 22. Bxh5 Nc6 23. Bf3 d4 24. c3 Kc7 25. Bxc6 Kxc6 26. cxd4 Rd5 27.
Rc2+ Kd6 28. Rd3 Re8 29. Re3 Rd8 30. Rd3 Re8 31. Re3 Rd8 32. Rd2 Rc8+ 33. Kd1
Rc4 34. Red3 Rg5 35. g3 Rh5 36. g4 Rb5 37. b3 1/2-1/2

[Event "XLI Olimpiadi femminile"]
[Site "Tromso NOR"]
[Date "2014.08.05"]
[Round "4.2"]
[White "Brunello, Marina"]
[Black "Guerrero Rodriguez, Alejandra"]
[WhiteElo "2281"]
[BlackElo "2089"]
[Result "1-0"]
[Annotator "ITA-MEX"]
[PlyCount "75"]
[EventDate "2014.08.02"]

1. e4 c6 2. d4 d5 3. exd5 cxd5 4. Bd3 Nc6 5. c3 Nf6 6. Nf3 Bg4 7. O-O e6 8.
Nbd2 Bd6 9. Re1 O-O 10. Nf1 Nh5 11. h3 Bxf3 12. Qxf3 Qh4 13. Ne3 Nf4 14. Bf1 f5
15. Nc2 Rf6 16. c4 Rg6 17. Kh1 dxc4 18. Bxf4 Bxf4 19. g3 Bxg3 20. fxg3 Rxg3 21.
Qe2 Re8 22. d5 f4 23. dxc6 f3 24. Qe5 Rg5 25. Re4 Qh6 26. Qd4 Rf8 27. Qf2 Rd5
28. Ne3 Rh5 29. cxb7 e5 30. Ng4 Qg6 31. Rae1 Qg5 32. Bxc4+ Kh8 33. Qxf3 Qe7 34.
Rxe5 Rxe5 35. Rxe5 Qd8 36. Qe2 h6 37. Bd5 Qh4 38. Bg2 1-0

[Event "XLI Olimpiadi femminile"]
[Site "Tromso NOR"]
[Date "2014.08.05"]
[Round "4.3"]
[White "Real Pereyra, Diana Carime"]
[Black "Gueci, Tea"]
[WhiteElo "2061"]
[BlackElo "2074"]
[Result "1-0"]
[Annotator "ITA-MEX"]
[PlyCount "73"]
[EventDate "2014.08.02"]

1. d4 g6 2. e4 Bg7 3. Nc3 d6 4. Nf3 Nf6 5. Bc4 O-O 6. Qe2 c6 7. e5 dxe5 8. dxe5
Nd5 9. Bd2 Be6 10. h3 Nd7 11. O-O Qc7 12. Rfe1 N7b6 13. Bd3 Rad8 14. Ng5 Nxc3
15. Bxc3 Qc8 16. Nxe6 Qxe6 17. Qe4 Nd5 18. Bd2 f6 19. exf6 Qxe4 20. Rxe4 exf6
21. Re2 f5 22. Rb1 Rd7 23. Ree1 a6 24. Be2 Re8 25. Kf1 Rde7 26. c3 Nf6 27. Bc4+
Kf8 28. Rxe7 Rxe7 29. Be3 Ke8 30. Bc5 Re5 31. Bd6 Re4 32. Bb3 Kd7 33. Rd1 Kc8
34. f3 Re8 35. Bf7 Rh8 36. Be6+ Kd8 37. Bf8+ 1-0

[Event "XLI Olimpiadi femminile"]
[Site "Tromso NOR"]
[Date "2014.08.05"]
[Round "4.4"]
[White "Messina, Roberta"]
[Black "Duran Juarez, Citlali"]
[WhiteElo "2042"]
[BlackElo "1982"]
[Result "1-0"]
[Annotator "ITA-MEX"]
[PlyCount "51"]
[EventDate "2014.08.02"]

1. Nf3 d5 2. c4 c6 3. d4 Nf6 4. Nc3 e6 5. g3 Nbd7 6. Bg2 dxc4 7. e4 Bb4 8. Nd2
b5 9. e5 Nd5 10. Nde4 O-O 11. O-O Rb8 12. Bg5 Qb6 13. a3 Bxc3 14. bxc3 c5 15.
Qg4 f5 16. exf6 N7xf6 17. Nxf6+ Nxf6 18. dxc5 Qxc5 19. Qh4 Nd5 20. Be4 g6 21.
Bh6 Nxc3 22. Bxf8 Qxf8 23. Rad1 Ba6 24. Bxg6 Ne2+ 25. Kg2 Bb7+ 26. f3 1-0

[Event "XLI Olimpiadi femminile"]
[Site "Tromso NOR"]
[Date "2014.08.06"]
[Round "5.1"]
[White "Zimina, Olga"]
[Black "Sanchez Castillo, Sarai Carolina"]
[WhiteElo "2327"]
[BlackElo "2207"]
[Result "1-0"]
[Annotator "ITA-VEN"]
[PlyCount "51"]
[EventDate "2014.08.02"]

1. Nf3 d5 2. c4 e6 3. g3 dxc4 4. Bg2 Bd7 5. Ne5 Nc6 6. Nxc6 Bxc6 7. Bxc6+ bxc6
8. Nc3 Qd4 9. Qa4 Qc5 10. b3 cxb3 11. axb3 Nf6 12. Ba3 Qb6 13. Bxf8 Kxf8 14.
O-O h5 15. Rfc1 h4 16. Ne4 hxg3 17. hxg3 Rd8 18. Rxc6 Qb7 19. Nc5 Qa8 20. e4
Rxd2 21. Rxc7 Ne8 22. Nd7+ Kg8 23. Nb6 Qd8 24. Rc8 Rd1+ 25. Kg2 Rxa1 26. Rxd8
1-0

[Event "XLI Olimpiadi femminile"]
[Site "Tromso NOR"]
[Date "2014.08.06"]
[Round "5.2"]
[White "Rovira Contreras, Tairu Manuela"]
[Black "Brunello, Marina"]
[WhiteElo "2076"]
[BlackElo "2281"]
[Result "0-1"]
[Annotator "ITA-VEN"]
[PlyCount "72"]
[EventDate "2014.08.02"]

1. d4 d5 2. c4 c6 3. Nf3 Nf6 4. e3 Bf5 5. Nc3 e6 6. Be2 Nbd7 7. O-O Bd6 8. b3
O-O 9. Bb2 Ne4 10. Bd3 Qf6 11. Qc2 Qg6 12. Rad1 Bg4 13. Be2 f5 14. Rc1 Qh6 15.
Ne5 Nxe5 16. dxe5 Bxe5 17. f4 Bxc3 18. Bxc3 Nxc3 19. Bxg4 Nxa2 20. Qxa2 fxg4
21. b4 Qg6 22. Qb3 a6 23. Rfd1 g3 24. hxg3 Qxg3 25. Rf1 Qg6 26. Rcd1 Rae8 27.
Rd2 Kh8 28. Rdd1 Qf5 29. Rd2 Rf6 30. Rf3 Rg6 31. Qa2 Qe4 32. Rh3 dxc4 33. Rc2
b5 34. Rc3 Rd8 35. Kh2 h6 36. Rf3 Rd1 0-1

[Event "XLI Olimpiadi femminile"]
[Site "Tromso NOR"]
[Date "2014.08.06"]
[Round "5.3"]
[White "Sedina, Elena"]
[Black "Montilla, Jorcerys"]
[WhiteElo "2291"]
[BlackElo "2118"]
[Result "1/2-1/2"]
[Annotator "ITA-VEN"]
[PlyCount "88"]
[EventDate "2014.08.02"]

1. e4 c5 2. Nf3 Nc6 3. Bb5 g6 4. O-O Bg7 5. c3 e5 6. d4 cxd4 7. cxd4 Nxd4 8.
Nxd4 exd4 9. f4 a6 10. Ba4 b5 11. Bb3 Bb7 12. f5 d5 13. Bxd5 Bxd5 14. exd5 Nf6
15. Qxd4 Qxd5 16. Qb4 Ne4 17. Be3 Qc4 18. Qxc4 bxc4 19. Nc3 Bxc3 20. bxc3 Nxc3
21. Rfe1 O-O 22. Rac1 Nxa2 23. Rxc4 a5 24. Ra1 Nb4 25. Bd2 Nd3 26. Rxa5 Rxa5
27. Bxa5 Ra8 28. Bc3 gxf5 29. h3 Re8 30. Bf6 h6 31. Rd4 Re1+ 32. Kh2 Nf2 33.
Rd8+ Kh7 34. Bd4 Ne4 35. Rh8+ Kg6 36. Rg8+ Kh5 37. Rf8 f4 38. Rxf7 Rf1 39. Rg7
Ng3 40. Bg1 Ra1 41. Rg4 Nf1+ 42. Kh1 Ng3+ 43. Kh2 Nf1+ 44. Kh1 Ng3+ 1/2-1/2

[Event "XLI Olimpiadi femminile"]
[Site "Tromso NOR"]
[Date "2014.08.06"]
[Round "5.4"]
[White "Varela La Madrid, Tilsia Carolin"]
[Black "Messina, Roberta"]
[WhiteElo "2008"]
[BlackElo "2042"]
[Result "1/2-1/2"]
[Annotator "ITA-VEN"]
[PlyCount "92"]
[EventDate "2014.08.02"]

1. e4 c5 2. c3 Nf6 3. e5 Nd5 4. d4 d6 5. Bc4 e6 6. Nf3 cxd4 7. cxd4 Nb6 8. Bd3
Nc6 9. O-O Be7 10. Nc3 d5 11. Qe2 a6 12. Be3 Na5 13. Nd2 Bd7 14. f4 g6 15. g4
Qc7 16. Rac1 Nc6 17. f5 O-O-O 18. f6 Bf8 19. a3 Be8 20. b4 Nc4 21. Bxc4 dxc4
22. Nxc4 Nxd4 23. Bxd4 Rxd4 24. Nd6+ Bxd6 25. exd6 Rxd6 26. Nb5 Bxb5 27. Rxc7+
Kxc7 28. Rc1+ Kd7 29. Qc2 Bc6 30. a4 Rd5 31. Rd1 Rc8 32. Rxd5+ Bxd5 33. Qd2 Rc4
34. h3 Kd6 35. Qh6 Rc8 36. Qxh7 e5 37. h4 Ke6 38. h5 Rc1+ 39. Kf2 gxh5 40. Qf5+
Kd6 41. gxh5 Rh1 42. Qg5 Rh2+ 43. Ke1 Rh1+ 44. Kd2 Rh2+ 45. Ke3 Rh3+ 46. Kf2
Rh2+ 1/2-1/2

[Event "XLI Olimpiadi femminile"]
[Site "Tromso NOR"]
[Date "2014.08.08"]
[Round "6.1"]
[White "Zimina, Olga"]
[Black "Sukandar, Irine Kharisma"]
[WhiteElo "2327"]
[BlackElo "2396"]
[Result "0-1"]
[Annotator "ITA-INA"]
[PlyCount "124"]
[EventDate "2014.08.02"]

1. Nf3 Nf6 2. c4 e6 3. g3 d5 4. Bg2 dxc4 5. Qa4+ Nbd7 6. Qxc4 c5 7. O-O b6 8.
d3 Bb7 9. b3 Bd6 10. Bb2 O-O 11. Nbd2 Rc8 12. Rfe1 Qc7 13. Qc2 b5 14. a3 Rfd8
15. Rac1 Qb8 16. Qb1 Qa8 17. Qa1 Be7 18. Nh4 Bxg2 19. Nxg2 Nb6 20. Be5 Qb7 21.
Rc2 Ne8 22. Rec1 f6 23. Bf4 Rc6 24. Be3 Rdc8 25. a4 a6 26. Ne4 Nd7 27. axb5
axb5 28. Ra2 Nc7 29. Ra7 Qb8 30. Ne1 f5 31. Nd2 Bf6 32. Qa5 Ne5 33. Bxc5 Nd5
34. d4 Bd8 35. Qa1 Bb6 36. Ra6 Nd7 37. Nd3 e5 38. Bxb6 Rxc1+ 39. Nxc1 N5xb6 40.
Nd3 e4 41. Nf4 Qd6 42. Nf1 Qb4 43. Qa5 Qxd4 44. e3 Qc5 45. Ne6 Qd6 46. Nd4 Rc5
47. Qa2 Qd5 48. Qe2 g6 49. Kg2 b4 50. Ra1 Rc3 51. Nd2 Rd3 52. Rc1 Ne5 53. Rc7
Qd6 54. Rb7 Nbd7 55. Nc4 Nxc4 56. bxc4 Nc5 57. Rxb4 f4 58. gxf4 Rxd4 59. exd4
Nd3 60. c5 Qxf4 61. Rb7 Qg5+ 62. Kf1 Qc1+ 0-1